000 01211nam a2200301 i 4500
001 186652
003 SpMaBN
005 20251116063115.0
008 161219s1980 fr |||| | fre d
020 _a2-7007-0168-2
080 _a821.134.2-21"15"
100 1 _aRojas, Fernando de,
_dca. 1470-1541
_999042
240 1 3 _aLa Celestina
245 1 3 _aLa Celestina :
_btragicomedia de Calisto y Melibea = La Célestine ou Tragi-comédie de Calixte et Mélibée /
_cattribuée à Fernando de Rojas ; avant-propos de Marcel Bataillon ; préface et traduction de Pierre Heugas.
250 _aÉd. rev. et corr.
260 _aParis :
_bAubier-Flammarion,
_c1980.
300 _a2 v. (556 p.) ;
_c18 cm.
490 1 _aEn bilingue ;
_v67-68
504 _aBibliografía: v. 2, p. [524]
546 _aTexto paralelo en español y francés.
700 1 _aBataillon, Marcel.
_926396
700 1 _aHeugas, Pierre.
_9172788
730 3 _aLa Celestina.
_lFrancés.
_9175106
740 3 2 _aLa Célestine ou Tragi-comédie de Calixte et Mélibée.
830 1 _aEn bilingue ;
_v67-68
_9225451
852 4 _aES-MaACL
_jL-30963-64
_z- Biblioteca Jacinto Martínez Lacalle
999 _c186652
_d186652